00726cam 2200217u 4500001000800000005001700008008004100025035002100066906004500087010001700132040001900149050001500168245003800183260005300221300002100274650004900295650005800344700003700402991003800439099003100477900733920030515152644.0830505s1975 nyu 000 0 eng  9(DLC) 74019826 a0bcbccpremunvduencipf19gy-gencatlg a 74019826  aDLCcCarPdDLC00aM63b.B36500aBaroque & folk tunes for recorder a[New York]b: Amsco Music Publishing co.,c1975. a87 p.b;c28 cm. 0aRecorder music, arranged. [from old catalog] 0aFolk-songs (Instrumental settings) [from old catalog]1 aAlfassy, Leo. [from old catalog] bc-MusichM63i.B365tCopy 1wPREM aalfassy-baroque-1071953476